Pays ayant le plus de lettres de différence avec leur Capitale - Statistiques

Statistiques générales
  • Ce quiz a été pris 71 fois
  • Le résultat moyen est 9 sur 34
Statistiques - réponses
Pays/Capitale % Correct
21 République Démocratique du Congo
81%
21 Kinshasa
60%
13 Saint-Christophe-et-Niévès
49%
18 Saint-Vincent-et-les-Grenadines
49%
15 Sri Lanka
44%
12 Papouasie-Nouvelle-Guinée
40%
18 République Centrafricaine
39%
11 République Tchèque
35%
9 Arabie Saoudite
30%
11 Prague
28%
9 Émirats Arabes Unis
26%
12 Port Moresby
25%
18 Kingstown
23%
13 Basseterre
21%
10 São Tomé
21%
10 São Tomé-et-Principe
21%
15 Sri Jayawardenapura Kotte
21%
9 Andorre
19%
18 Bangui
19%
11 Brunei
19%
9 Riyad
19%
9 Abou Dabi
18%
9 Bosnie-Herzégovine
18%
17 États Fédérés de Micronésie
18%
9 Andorre-la-Vieille
16%
11 Bandar Seri Begawan
16%
9 Sarajevo
16%
9 Timor Oriental
14%
11 Guinée Équatoriale
12%
9 Dili
11%
17 Palikir
11%
9 Macédoine du Nord
9%
9 Skopje
5%
11 Malabo
4%
Aucun quiz correspondant
Distribution des résultats
% des personnes avec chaque résultat
Percentile par nombre de réponses
Votre historique - résultats
Vous n’avez pas pris ce quiz